000 01211nam0a2200325 4500
001 RU\NLR\bibl\1157425
005 20250615081854.0
010 _a5-17-039983-9
_bАСТ
010 _a5-271-15042-9
_bАстрель
010 _a5-9762-1718-4
_bХранитель
_97000
021 _aRU
_b2007-71716
_93856
035 _a(NLR Aleph) 001144190
090 _a1436731
_c1436731
100 _a20071121d2007 |||y0rusy50 ca
101 0 _arus
102 _aRU
105 _ay z |||||
200 1 _aСамодиагностика с Тяньши
_eпрограмма здоровья на каждый день
_fСергей Батечко
210 _aМосква
_cАСТ [и др.]
_d2007 (печ. 2006)
215 _a316, [1] с.
_d21
320 _aБиблиогр. в конце кн. (98 назв.)
606 1 _aПищевые добавки "Тяньши" корпорации
_xЛечебное применение
_92339395
_3RU\NLR\auth\661398438
686 _aР281.77-6я9
700 1 _aБатечко
_bС. А.
_gСергей Анатольевич
_4070
801 0 _aRU
_bNLR
_c20071121
_gRCR
801 1 _aRU
_bNLR
_c20071121
942 _cBOOK
980 _aNB